LEADER 01691oam 2200433 450 001 9910717100203321 005 20220103110807.0 035 $a(CKB)5470000002527199 035 $a(OCoLC)1287095943 035 $a(EXLCZ)995470000002527199 100 $a20211203d1973 ua 0 101 0 $aeng 135 $aur||||||||||| 181 $ctxt$2rdacontent 182 $cc$2rdamedia 183 $acr$2rdacarrier 200 10$aWater quality of the Lake Siskiyou area and a reach of upper Sacramento River below Box Canyon Dam, California, May 1970 through September 1971 /$fby Alex E. Dong and Robert L. Tobin 210 1$aMenlo Park, Calif. :$cU.S. Geological Survey,$d1973. 215 $a1 online resource (iv, 40 pages) $cillustrations, one map 225 1 $aWater-resources investigations ;$v15-73 300 $a"September 1973." 320 $aIncludes bibliographical references (pages 21). 517 1 $aWater quality of the Lake Siskiyou area, California 606 $aWater quality$zCalifornia$zBox Canyon (Siskiyou County) 606 $aWater quality$xMeasurement 606 $aFlood dams and reservoirs$zCalifornia$zBox Canyon (Siskiyou County) 615 0$aWater quality 615 0$aWater quality$xMeasurement. 615 0$aFlood dams and reservoirs 700 $aDong$b Alex E.$01406982 702 $aTobin$b Robert L. 712 02$aGeological Survey (U.S.), 801 0$bGPO 801 1$bGPO 801 2$bGPO 906 $aBOOK 912 $a9910717100203321 996 $aWater quality of the Lake Siskiyou area and a reach of upper Sacramento River below Box Canyon Dam, California, May 1970 through September 1971$93502772 997 $aUNINA